000 00867nam a2200241 i 4500
001 181047
003 ES-MaACL
005 20251012202749.0
008 121015s2008 it |||| | ita d
020 _a978-88-95996-00-4
100 1 _aTucci, Ugo.
_9151575
245 1 3 _aUn mercante veneziano del seicento
_b: Simon Giogalli /
_cUgo Tucci.
260 _aVenezia :
_bIstituto Veneto di Scienze, Lettere ed Arti,
_c2008.
300 _aXII, 292 p. :
_bil. ;
_c24 cm.
490 1 _aMemorie ;
_v125
600 1 7 _aGiogalli, Simon,
_d1622-1697
_2
_9151576
650 7 _aComercio-
_zVenecia
_2
_9151577
830 0 _aMemorie ;
_v125
_9224679
852 _aES-MaACL
_jA-12262
_9187930
_bR.147115
_cDEPO1
_dOlim: N-5267
_xDonación: Real Academia Española
914 _96336
_aReal Academia Española
_ednr
942 _2udc
_cMONOGRAFIA
999 _c181047
_d181047